Los balances de las sociedades anónimas (Registro nro. 1936)

Detalles MARC
000 -LEADER
fixed length control field 01238 a2200193 4500
001 - CONTROL NUMBER
control field 29665
005 - DATE AND TIME OF LATEST TRANSACTION
control field 20260407155607.0
008 - FIXED-LENGTH DATA ELEMENTS--GENERAL INFORMATION
fixed length control field 260407a1950 arg spa d
003 - CONTROL NUMBER IDENTIFIER
control field AR-UNSa-BCEJYS
040 ## - CATALOGING SOURCE
Original cataloging agency AR-UNSa-BCEJYS
Language of cataloging spa
Transcribing agency AR-UNSa-BCEJYS
080 ## - UNIVERSAL DECIMAL CLASSIFICATION NUMBER
Universal Decimal Classification number 657.36
Common auxiliary subdivision Balances de comprobación (balance estimativo). Balances de saldo. Balance intermedio
100 1# - MAIN ENTRY--PERSONAL NAME
Personal name De Gregorio, Alfredo
245 10 - TITLE STATEMENT
Title Los balances de las sociedades anónimas
264 #1 - PRODUCTION, PUBLICATION, DISTRIBUTION, MANUFACTURE, AND COPYRIGHT NOTICE
Place of production, publication, distribution, manufacture Buenos Aires :
Name of producer, publisher, distributor, manufacturer Depalma
Date of production, publication, distribution, manufacture, or copyright notice 1950
300 ## - PHYSICAL DESCRIPTION
Extent 481p.
Dimensions 24 cm.
505 ## - FORMATTED CONTENTS NOTE
Formatted contents note Parte I: 1. Nociones generales - 2. Las normas vigentes sobre balances y sus antecedentes legislativos - 3. De las varias clases de balances de las sociedades anónimas en nuestro codigo de comercio - 4. La formación del balance - 5. Efectos jurídicos de la aprobación del balance - 6. El depósito y la publicación del balance - 7. Sanciones por la violación de las normas sobre balance - Parte II: El contenido del balance 8. De los rubros del balance en general - 9. Mercaderias y titulos de crédito - 10. Las inmovilizaciones - 11. Creditos y debitos - 12. El capital social - 13. Las reservas - 14. Cuentas de ganancias y perdidas.
590 ## - LOCAL NOTE (RLIN)
Local note niveau_biblio:m niveau_hierar:0
942 ## - ADDED ENTRY ELEMENTS (KOHA)
Koha item type
Existencias
Withdrawn status Lost status Damaged status Not for loan Home library Current library Shelving location Date acquired Total checkouts Full call number Barcode Date last seen Price effective from Koha item type
        Biblioteca Prof. Eusebio Cleto del Rey Biblioteca Prof. Eusebio Cleto del Rey   07/04/2026   657.36 D278 L20054 07/04/2026 07/04/2026 Libro